| 000 | 00705nam a2200229 a 4500 | ||
|---|---|---|---|
| 001 | 46586 | ||
| 003 | BD-RjUL | ||
| 005 | 20211209054156.0 | ||
| 008 | 160803s1962 enk b 001 0 eng | ||
| 035 | _aOCLC ocm04599299 from D980220M | ||
| 040 |
_aDLC _cGZL _dSLU _dUKM _dBD-RjUL _beng |
||
| 041 | _aeng | ||
| 082 | 0 | 4 |
_a347.41077 _218 _bSTP 1962 |
| 090 |
_aKD703.D3 _bS78 1962 |
||
| 100 | 1 |
_aStreet, Harry, _d1919- _9130953 |
|
| 245 | 1 | 0 |
_aPrinciples of the law of damages / _cby Harry Street. |
| 260 |
_aLondon : _bSweet & Maxwell, _c1962. |
||
| 300 |
_a272 p. ; _c23 cm. |
||
| 504 | _aIncludes bibliographical references and and indexes. | ||
| 650 | 0 |
_aDamages _zGreat Britain. _9142094 |
|
| 942 |
_2ddc _cBK |
||
| 999 |
_c46586 _d46586 |
||